000 00378nam a2200145Ia 4500
008 230917s9999||||xx |||||||||||||| ||und||
040 _e110990
_aMAIN
041 _aEnglish
082 _a338.954 P196F
100 _aPant, Bhabanesh
245 0 _aFinancial crises: Recovery and reform
260 _aNew Delhi
_bAtlantic Publishers
_c2001
300 _axx, 158 p.
942 _cBK
999 _c119803
_d119803